LDR 00983naa#a2200169#i#450# 001 RU\FGKOU VO SPBU MVD ROSSII\bibl\109522 005 20260428234238.2 011 ## _a2713-0622 100 ## _a20260428b2026####ek#y0rusy0150####ca 102 ## _aRU 200 1# _aОбразовательная миграция: риски социально-психологической дезориентации иностранных аспирантов _eЖурнальная статья 210 1# _aСанкт-Петербург _cСАНКТ-ПЕТЕРБУРГСКИЙ УНИВЕРСИТЕТ МИНИСТЕРСТВА ВНУТРЕННИХ ДЕЛ РОССИЙСКОЙ ФЕДЕРАЦИИ _d2026 215 ## _a15 с. 608 ## _aЖурнальная статья _2local 675 ## _aМетоды обучения. Формы преподавания. Формы получения образования. 371.3 _z 700 #1 _aАндрианова _gРоза Ахбановна 856 4# _arussianjournaldeviantbehavior.ru _u